[Event "ODJM B 2025"]
[Site "Willingen GER"]
[Date "2025.06.12"]
[Round "7"]
[White "Stülcken, Philipp"]
[Black "Petrow, Andre"]
[Result "1/2-1/2"]
[Termination "normal"]
[Board "8"]
[WhiteElo "1780"]
[BlackElo "1831"]
[WhiteClock "00:19:00"]
[BlackClock "01:05:08"]
[PlyCount "47"]
[WhiteFideId "12986232"]
[BlackFideId "34612815"]
[EventCountry "GER"]
[EventRounds "9"]
[EventType "swiss"]
[EventDate "2025.06.07"]

1. e4 {[%clk 01:30:47]} {[%emt 00:00:12]} Nc6 {[%clk 01:30:49]} {[%emt
00:00:12]} 2. d4 {[%clk 01:31:01]} {[%emt 00:00:16]} d5 {[%clk 01:30:59]}
{[%emt 00:00:20]} 3. exd5 {[%clk 01:29:38]} {[%emt 00:01:52]} Qxd5 {[%clk
01:30:45]} {[%emt 00:00:45]} 4. Nf3 {[%clk 01:29:40]} {[%emt 00:00:27]} e5
{[%clk 01:30:58]} {[%emt 00:00:17]} 5. Nc3 {[%clk 01:22:18]} {[%emt 00:07:52]}
Bb4 {[%clk 01:27:49]} {[%emt 00:03:40]} 6. Bd2 {[%clk 01:20:19]} {[%emt
00:02:28]} Bxc3 {[%clk 01:26:54]} {[%emt 00:01:25]} 7. Bxc3 {[%clk 01:20:43]}
{[%emt 00:00:06]} e4 {[%clk 01:27:17]} {[%emt 00:00:07]} 8. Ne5 {[%clk
01:20:37]} {[%emt 00:00:36]} Nxe5 {[%clk 01:27:12]} {[%emt 00:00:35]} 9. dxe5
{[%clk 01:21:02]} {[%emt 00:00:05]} Ne7 {[%clk 01:27:27]} {[%emt 00:00:15]} 10.
Qd4 {[%clk 00:37:20]} {[%emt 00:44:11]} Be6 {[%clk 01:17:09]} {[%emt 00:10:49]}
11. Be2 {[%clk 00:26:36]} {[%emt 00:11:14]} O-O {[%clk 01:12:07]} {[%emt
00:05:32]} 12. O-O {[%clk 00:26:22]} {[%emt 00:00:44]} Rfd8 {[%clk 01:11:25]}
{[%emt 00:01:12]} 13. Rad1 {[%clk 00:25:24]} {[%emt 00:01:27]} Qxd4 {[%clk
01:08:26]} {[%emt 00:03:29]} 14. Rxd4 {[%clk 00:23:15]} {[%emt 00:02:39]} Rxd4
{[%clk 01:08:50]} {[%emt 00:00:07]} 15. Bxd4 {[%clk 00:23:42]} {[%emt
00:00:03]} Nc6 {[%clk 01:09:11]} {[%emt 00:00:09]} 16. Bc3 {[%clk 00:23:54]}
{[%emt 00:00:18]} Rd8 {[%clk 01:08:27]} {[%emt 00:01:15]} 17. Rd1 {[%clk
00:23:23]} {[%emt 00:01:00]} Rxd1+ {[%clk 01:07:10]} {[%emt 00:01:48]} 18. Bxd1
{[%clk 00:23:45]} {[%emt 00:00:08]} Kf8 {[%clk 01:07:31]} {[%emt 00:00:08]} 19.
a3 {[%clk 00:21:27]} {[%emt 00:02:48]} Ke7 {[%clk 01:06:58]} {[%emt 00:01:03]}
20. f4 {[%clk 00:20:41]} {[%emt 00:01:16]} f5 {[%clk 01:05:59]} {[%emt
00:01:29]} 21. Kf2 {[%clk 00:20:05]} {[%emt 00:01:06]} h6 {[%clk 01:05:30]}
{[%emt 00:00:59]} 22. Be2 {[%clk 00:18:58]} {[%emt 00:01:37]} g5 {[%clk
01:05:10]} {[%emt 00:00:49]} 23. g3 {[%clk 00:19:18]} {[%emt 00:00:10]} a6
{[%clk 01:05:08]} {[%emt 00:00:33]} 24. Ke3 {[%clk 00:19:00]} {[%emt 00:00:48]}
1/2-1/2

[Event "ODJM B 2025"]
[Site "Willingen GER"]
[Date "2025.06.12"]
[Round "7"]
[White "Lieb, Max"]
[Black "Engelhaupt, Henry"]
[Result "0-1"]
[Termination "normal"]
[Board "9"]
[WhiteElo "1743"]
[BlackElo "1825"]
[WhiteClock "00:10:32"]
[BlackClock "00:21:37"]
[PlyCount "72"]
[WhiteFideId "34630651"]
[BlackFideId "34644814"]
[EventCountry "GER"]
[EventRounds "9"]
[EventType "swiss"]
[EventDate "2025.06.07"]

1. d4 {[%clk 01:30:58]} {[%emt 00:00:02]} d5 {[%clk 01:30:56]} {[%emt
00:00:05]} 2. c4 {[%clk 01:31:09]} {[%emt 00:00:18]} e6 {[%clk 01:31:22]}
{[%emt 00:00:04]} 3. Nf3 {[%clk 01:31:34]} {[%emt 00:00:04]} Nf6 {[%clk
01:31:48]} {[%emt 00:00:05]} 4. g3 {[%clk 01:31:59]} {[%emt 00:00:05]} Be7
{[%clk 01:32:09]} {[%emt 00:00:09]} 5. Bg2 {[%clk 01:32:23]} {[%emt 00:00:05]}
O-O {[%clk 01:32:29]} {[%emt 00:00:09]} 6. O-O {[%clk 01:32:48]} {[%emt
00:00:06]} c6 {[%clk 01:32:47]} {[%emt 00:00:13]} 7. Qc2 {[%clk 01:32:15]}
{[%emt 00:01:02]} Nbd7 {[%clk 01:32:49]} {[%emt 00:00:28]} 8. Nbd2 {[%clk
01:27:44]} {[%emt 00:05:01]} b6 {[%clk 01:30:45]} {[%emt 00:02:35]} 9. e4
{[%clk 01:23:00]} {[%emt 00:05:13]} dxe4 {[%clk 01:27:52]} {[%emt 00:03:23]}
10. Nxe4 {[%clk 01:23:02]} {[%emt 00:00:28]} Bb7 {[%clk 01:27:30]} {[%emt
00:00:52]} 11. Rd1 {[%clk 01:19:24]} {[%emt 00:04:07]} Qc8 {[%clk 01:21:49]}
{[%emt 00:06:12]} 12. Nxf6+ {[%clk 01:13:19]} {[%emt 00:06:35]} Nxf6 {[%clk
01:18:13]} {[%emt 00:04:06]} 13. c5 {[%clk 01:13:25]} {[%emt 00:00:24]} b5
{[%clk 01:16:34]} {[%emt 00:02:09]} 14. h4 {[%clk 01:08:25]} {[%emt 00:05:30]}
Rd8 {[%clk 01:12:31]} {[%emt 00:04:34]} 15. Ne5 {[%clk 00:58:34]} {[%emt
00:10:20]} Nd7 {[%clk 01:01:44]} {[%emt 00:11:17]} 16. Ng4 {[%clk 00:48:29]}
{[%emt 00:10:34]} f5 {[%clk 00:57:53]} {[%emt 00:04:22]} 17. Nh2 {[%clk
00:44:57]} {[%emt 00:04:02]} Bf6 {[%clk 00:56:24]} {[%emt 00:02:00]} 18. Bf4
{[%clk 00:40:00]} {[%emt 00:05:26]} Nf8 {[%clk 00:53:12]} {[%emt 00:03:42]} 19.
Bd6 {[%clk 00:38:52]} {[%emt 00:01:38]} Ng6 {[%clk 00:51:33]} {[%emt 00:02:09]}
20. Nf3 {[%clk 00:36:39]} {[%emt 00:02:43]} Nh8 {[%clk 00:44:29]} {[%emt
00:07:34]} 21. Ne5 {[%clk 00:33:54]} {[%emt 00:03:16]} Nf7 {[%clk 00:42:32]}
{[%emt 00:02:26]} 22. Nxf7 {[%clk 00:33:50]} {[%emt 00:00:33]} Kxf7 {[%clk
00:42:57]} {[%emt 00:00:06]} 23. Qe2 {[%clk 00:28:26]} {[%emt 00:05:54]} g6
{[%clk 00:41:06]} {[%emt 00:02:21]} 24. Rd3 {[%clk 00:25:24]} {[%emt 00:03:31]}
Qd7 {[%clk 00:39:29]} {[%emt 00:02:08]} 25. Rad1 {[%clk 00:24:14]} {[%emt
00:01:40]} Re8 {[%clk 00:39:06]} {[%emt 00:00:53]} 26. Be5 {[%clk 00:23:57]}
{[%emt 00:00:47]} Rad8 {[%clk 00:36:25]} {[%emt 00:03:11]} 27. Bxf6 {[%clk
00:19:15]} {[%emt 00:05:12]} Kxf6 {[%clk 00:35:45]} {[%emt 00:01:10]} 28. Qe5+
{[%clk 00:19:38]} {[%emt 00:00:06]} Kf7 {[%clk 00:36:07]} {[%emt 00:00:09]} 29.
h5 {[%clk 00:19:18]} {[%emt 00:00:50]} Qe7 {[%clk 00:31:43]} {[%emt 00:04:55]}
30. h6 {[%clk 00:18:35]} {[%emt 00:01:12]} Qf8 {[%clk 00:29:16]} {[%emt
00:02:57]} 31. Ra3 {[%clk 00:16:20]} {[%emt 00:02:45]} a6 {[%clk 00:25:41]}
{[%emt 00:04:06]} 32. Bxc6 {[%clk 00:15:12]} {[%emt 00:01:38]} Bxc6 {[%clk
00:24:15]} {[%emt 00:01:56]} 33. Rxa6 {[%clk 00:15:28]} {[%emt 00:00:14]} Bd5
{[%clk 00:22:38]} {[%emt 00:02:06]} 34. Ra7+ {[%clk 00:10:08]} {[%emt
00:05:51]} Re7 {[%clk 00:22:51]} {[%emt 00:00:17]} 35. Rxe7+ {[%clk 00:10:18]}
{[%emt 00:00:19]} Kxe7 {[%clk 00:21:37]} {[%emt 00:01:44]} 36. Re1 {[%clk
00:10:32]} {[%emt 00:00:16]} Qxh6 {[%emt 00:02:43]} 0-1

[Event "ODJM B 2025"]
[Site "Willingen GER"]
[Date "2025.06.12"]
[Round "7"]
[White "Huber, Ben"]
[Black "Kautny, Fabian"]
[Result "0-1"]
[Termination "normal"]
[Board "10"]
[WhiteElo "1711"]
[BlackElo "1818"]
[WhiteClock "00:32:33"]
[BlackClock "00:10:10"]
[PlyCount "75"]
[WhiteFideId "34677062"]
[BlackFideId "34657193"]
[EventCountry "GER"]
[EventRounds "9"]
[EventType "swiss"]
[EventDate "2025.06.07"]

1. f4 {[%clk 01:30:59]} d5 {[%clk 01:30:46]} {[%emt 00:00:15]} 2. Nf3 {[%clk
01:31:24]} {[%emt 00:00:05]} c5 {[%clk 01:30:51]} {[%emt 00:00:25]} 3. e3
{[%clk 01:31:49]} {[%emt 00:00:04]} Nc6 {[%clk 01:30:57]} {[%emt 00:00:24]} 4.
Bb5 {[%clk 01:32:09]} {[%emt 00:00:11]} Nf6 {[%clk 01:31:02]} {[%emt 00:00:25]}
5. b3 {[%clk 01:32:31]} {[%emt 00:00:08]} e6 {[%clk 01:29:31]} {[%emt
00:02:01]} 6. Bb2 {[%clk 01:32:43]} {[%emt 00:00:18]} Be7 {[%clk 01:28:29]}
{[%emt 00:01:31]} 7. Bxc6+ {[%clk 01:32:37]} {[%emt 00:00:36]} bxc6 {[%clk
01:28:54]} {[%emt 00:00:06]} 8. O-O {[%clk 01:33:01]} {[%emt 00:00:05]} Ba6
{[%clk 01:23:24]} {[%emt 00:06:01]} 9. Re1 {[%clk 01:32:30]} {[%emt 00:01:01]}
O-O {[%clk 01:22:56]} {[%emt 00:00:57]} 10. d3 {[%clk 01:32:11]} {[%emt
00:00:49]} Nd7 {[%clk 01:17:25]} {[%emt 00:06:02]} 11. Nbd2 {[%clk 01:31:58]}
{[%emt 00:00:43]} f6 {[%clk 01:15:02]} {[%emt 00:02:52]} 12. Rc1 {[%clk
01:24:09]} {[%emt 00:08:18]} Rb8 {[%clk 01:11:47]} {[%emt 00:03:46]} 13. e4
{[%clk 01:22:39]} {[%emt 00:02:00]} Qb6 {[%clk 01:10:23]} {[%emt 00:01:54]} 14.
c4 {[%clk 01:19:59]} {[%emt 00:03:11]} Rfe8 {[%clk 01:07:50]} {[%emt 00:03:03]}
15. g4 {[%clk 01:13:57]} {[%emt 00:06:31]} Rb7 {[%clk 00:58:02]} {[%emt
00:10:18]} 16. e5 {[%clk 01:13:19]} {[%emt 00:01:08]} Nf8 {[%clk 00:56:42]}
{[%emt 00:01:50]} 17. exf6 {[%clk 01:10:53]} {[%emt 00:02:57]} Bxf6 {[%clk
00:57:04]} {[%emt 00:00:08]} 18. Bxf6 {[%clk 01:11:18]} {[%emt 00:00:04]} gxf6
{[%clk 00:57:29]} {[%emt 00:00:05]} 19. Kh1 {[%clk 01:09:38]} {[%emt 00:02:10]}
Kh8 {[%clk 00:48:03]} {[%emt 00:09:56]} 20. g5 {[%clk 01:09:13]} {[%emt
00:00:55]} Rf7 {[%clk 00:47:19]} {[%emt 00:01:14]} 21. Rg1 {[%clk 01:03:03]}
{[%emt 00:06:40]} Qc7 {[%clk 00:43:37]} {[%emt 00:04:12]} 22. gxf6 {[%clk
00:53:52]} {[%emt 00:09:40]} Qxf4 {[%clk 00:43:01]} {[%emt 00:01:07]} 23. Ng5
{[%clk 00:54:04]} {[%emt 00:00:19]} Rxf6 {[%clk 00:42:55]} {[%emt 00:00:35]}
24. Qh5 {[%clk 00:53:59]} {[%emt 00:00:35]} Re7 {[%clk 00:43:04]} {[%emt
00:00:21]} 25. Rcf1 {[%clk 00:54:11]} {[%emt 00:00:18]} Qd4 {[%clk 00:42:28]}
{[%emt 00:01:07]} 26. Rxf6 {[%clk 00:50:27]} {[%emt 00:04:13]} Qxf6 {[%clk
00:42:48]} {[%emt 00:00:10]} 27. Rf1 {[%clk 00:50:54]} {[%emt 00:00:04]} Qg7
{[%clk 00:42:50]} {[%emt 00:00:27]} 28. Nf7+ {[%clk 00:50:31]} {[%emt
00:00:53]} Kg8 {[%clk 00:43:12]} {[%emt 00:00:08]} 29. Rg1 {[%clk 00:50:55]}
{[%emt 00:00:06]} Ng6 {[%clk 00:42:47]} {[%emt 00:00:54]} 30. Ng5 {[%clk
00:50:11]} {[%emt 00:01:14]} Qe5 {[%clk 00:32:23]} {[%emt 00:10:54]} 31. Ndf3
{[%clk 00:49:25]} {[%emt 00:01:17]} Qf5 {[%clk 00:32:47]} {[%emt 00:00:06]} 32.
Nh4 {[%clk 00:46:55]} {[%emt 00:03:00]} Nxh4 {[%clk 00:32:05]} {[%emt
00:01:12]} 33. Nxh7+ {[%clk 00:47:18]} {[%emt 00:00:07]} Rg7 {[%clk 00:28:29]}
{[%emt 00:04:06]} 34. Ng5 {[%emt 00:09:14]} Ng6 {[%clk 00:27:41]} {[%emt
00:01:15]} 35. Qh6 {[%clk 00:36:51]} {[%emt 00:02:15]} Qxd3 {[%clk 00:22:03]}
{[%emt 00:06:09]} 36. h4 {[%clk 00:36:28]} {[%emt 00:00:53]} Nf8 {[%clk
00:12:22]} {[%emt 00:10:11]} 37. h5 {[%clk 00:34:34]} {[%emt 00:02:24]} Qf5
{[%clk 00:10:10]} {[%emt 00:02:42]} 38. Nxe6 {[%clk 00:32:33]} {[%emt
00:02:31]} 0-1

[Event "ODJM B 2025"]
[Site "Willingen GER"]
[Date "2025.06.12"]
[Round "7"]
[White "Gulamov, Elmir"]
[Black "Briese, Paul"]
[Result "1/2-1/2"]
[Termination "normal"]
[Board "11"]
[WhiteElo "1765"]
[BlackElo "1665"]
[WhiteClock "00:12:58"]
[BlackClock "00:09:32"]
[PlyCount "64"]
[WhiteFideId "34604332"]
[BlackFideId "16273826"]
[EventCountry "GER"]
[EventRounds "9"]
[EventType "swiss"]
[EventDate "2025.06.07"]

1. e4 {[%clk 01:30:59]} c6 {[%clk 01:30:50]} {[%emt 00:00:11]} 2. d4 {[%clk
01:31:24]} {[%emt 00:00:05]} d5 {[%clk 01:31:17]} {[%emt 00:00:03]} 3. exd5
{[%clk 01:31:50]} {[%emt 00:00:04]} cxd5 {[%clk 01:31:41]} {[%emt 00:00:06]} 4.
Bd3 {[%clk 01:32:12]} {[%emt 00:00:07]} Nc6 {[%clk 01:31:27]} {[%emt 00:00:44]}
5. c3 {[%clk 01:32:37]} {[%emt 00:00:05]} g6 {[%clk 01:30:41]} {[%emt
00:01:15]} 6. Bf4 {[%clk 01:32:19]} {[%emt 00:00:48]} Bg7 {[%clk 01:29:51]}
{[%emt 00:01:21]} 7. Nd2 {[%clk 01:30:16]} {[%emt 00:02:33]} Nh6 {[%clk
01:25:42]} {[%emt 00:04:39]} 8. Ngf3 {[%clk 01:25:53]} {[%emt 00:04:53]} Bf5
{[%clk 01:23:33]} {[%emt 00:02:39]} 9. Bxh6 {[%clk 01:25:57]} {[%emt 00:00:26]}
Bxh6 {[%clk 01:23:47]} {[%emt 00:00:15]} 10. Bxf5 {[%clk 01:26:03]} {[%emt
00:00:24]} gxf5 {[%clk 01:24:12]} {[%emt 00:00:06]} 11. Qe2 {[%clk 01:24:31]}
{[%emt 00:02:02]} e6 {[%clk 01:20:49]} {[%emt 00:03:54]} 12. Nb3 {[%clk
01:22:30]} {[%emt 00:02:31]} Rg8 {[%clk 01:15:15]} {[%emt 00:06:03]} 13. O-O
{[%clk 01:22:00]} {[%emt 00:00:59]} Bf4 {[%clk 01:02:16]} {[%emt 00:13:30]} 14.
Nc5 {[%clk 01:15:30]} {[%emt 00:07:01]} Qe7 {[%clk 00:58:07]} {[%emt 00:04:39]}
15. Qb5 {[%clk 01:14:02]} {[%emt 00:01:56]} O-O-O {[%clk 00:54:57]} {[%emt
00:03:41]} 16. Kh1 {[%clk 01:11:06]} {[%emt 00:03:26]} Bd6 {[%clk 00:51:13]}
{[%emt 00:04:13]} 17. b4 {[%clk 01:10:46]} {[%emt 00:00:51]} Rg4 {[%clk
00:41:14]} {[%emt 00:10:29]} 18. a4 {[%clk 01:08:23]} {[%emt 00:02:53]} Rdg8
{[%clk 00:40:03]} {[%emt 00:01:40]} 19. Rg1 {[%clk 01:06:16]} {[%emt 00:02:38]}
Bxc5 {[%clk 00:32:09]} {[%emt 00:08:24]} 20. bxc5 {[%clk 01:04:09]} {[%emt
00:02:37]} Qc7 {[%clk 00:32:11]} {[%emt 00:00:28]} 21. Rab1 {[%clk 01:01:48]}
{[%emt 00:02:51]} h5 {[%clk 00:31:08]} {[%emt 00:01:34]} 22. c4 {[%clk
00:49:41]} {[%emt 00:12:37]} dxc4 {[%clk 00:28:31]} {[%emt 00:03:06]} 23. Qxc4
{[%clk 00:49:59]} {[%emt 00:00:11]} e5 {[%clk 00:16:40]} {[%emt 00:12:22]} 24.
h3 {[%clk 00:49:19]} {[%emt 00:01:09]} Re4 {[%clk 00:16:38]} {[%emt 00:00:33]}
25. Rge1 {[%clk 00:32:19]} {[%emt 00:17:30]} Rd8 {[%clk 00:16:48]} {[%emt
00:00:21]} 26. Ng5 {[%clk 00:12:19]} {[%emt 00:20:30]} Rxe1+ {[%clk 00:13:27]}
{[%emt 00:03:50]} 27. Rxe1 {[%clk 00:12:44]} {[%emt 00:00:05]} Rxd4 {[%clk
00:13:02]} {[%emt 00:00:55]} 28. Qxf7 {[%clk 00:13:03]} {[%emt 00:00:11]} Qxf7
{[%clk 00:13:08]} {[%emt 00:00:24]} 29. Nxf7 {[%clk 00:13:29]} {[%emt
00:00:04]} Rxa4 {[%clk 00:10:23]} {[%emt 00:03:15]} 30. Nxe5 {[%clk 00:13:38]}
{[%emt 00:00:20]} Re4 {[%clk 00:10:29]} {[%emt 00:00:25]} 31. Rxe4 {[%clk
00:12:46]} {[%emt 00:01:22]} fxe4 {[%clk 00:10:50]} {[%emt 00:00:09]} 32. Nc4
{[%clk 00:12:58]} {[%emt 00:00:17]} Kd7 {[%clk 00:09:32]} {[%emt 00:01:49]}
1/2-1/2

[Event "ODJM B 2025"]
[Site "Willingen GER"]
[Date "2025.06.12"]
[Round "7"]
[White "Geschke, David"]
[Black "Hofmann, Diego"]
[Result "1/2-1/2"]
[Termination "normal"]
[Board "13"]
[WhiteElo "1824"]
[BlackElo "1796"]
[WhiteClock "00:03:04"]
[BlackClock "00:09:01"]
[PlyCount "73"]
[WhiteFideId "34619658"]
[BlackFideId "16269020"]
[EventCountry "GER"]
[EventRounds "9"]
[EventType "swiss"]
[EventDate "2025.06.07"]

1. d4 {[%clk 01:30:59]} Nf6 {[%clk 01:30:52]} {[%emt 00:00:09]} 2. c4 {[%clk
01:31:24]} {[%emt 00:00:05]} g6 {[%clk 01:31:14]} {[%emt 00:00:08]} 3. Nc3
{[%clk 01:31:51]} {[%emt 00:00:03]} d5 {[%clk 01:31:39]} {[%emt 00:00:05]} 4.
Nf3 {[%clk 01:32:12]} {[%emt 00:00:08]} Bg7 {[%clk 01:31:56]} {[%emt 00:00:14]}
5. e3 {[%clk 01:32:38]} {[%emt 00:00:04]} O-O {[%clk 01:32:02]} {[%emt
00:00:24]} 6. Qb3 {[%clk 01:33:03]} {[%emt 00:00:05]} c6 {[%clk 01:26:41]}
{[%emt 00:05:51]} 7. cxd5 {[%emt 00:02:24]} cxd5 {[%clk 01:26:32]} 8. Bd3
{[%clk 01:32:07]} {[%emt 00:00:10]} Nc6 {[%clk 01:25:54]} {[%emt 00:01:08]} 9.
O-O {[%clk 01:31:28]} {[%emt 00:01:08]} Re8 {[%clk 01:24:17]} {[%emt 00:02:09]}
10. Bd2 {[%clk 01:25:17]} {[%emt 00:06:40]} e5 {[%clk 01:15:21]} {[%emt
00:09:26]} 11. dxe5 {[%clk 01:25:34]} {[%emt 00:00:13]} Nxe5 {[%clk 01:13:30]}
{[%emt 00:02:21]} 12. Nxe5 {[%clk 01:25:22]} {[%emt 00:00:42]} Rxe5 {[%clk
01:13:54]} {[%emt 00:00:07]} 13. Ne2 {[%emt 00:03:23]} Ne4 {[%clk 01:11:44]}
14. Bxe4 {[%clk 01:21:06]} {[%emt 00:04:32]} dxe4 {[%clk 01:10:29]} {[%emt
00:01:45]} 15. Bc3 {[%clk 01:19:14]} {[%emt 00:02:22]} Re6 {[%clk 01:01:34]}
{[%emt 00:09:25]} 16. Rfd1 {[%clk 01:13:51]} {[%emt 00:05:50]} Qc7 {[%clk
00:58:49]} {[%emt 00:03:18]} 17. Bxg7 {[%clk 01:09:35]} {[%emt 00:04:46]} Kxg7
{[%clk 00:57:54]} {[%emt 00:01:25]} 18. Rd4 {[%clk 01:01:51]} {[%emt 00:08:13]}
Rb6 {[%clk 00:56:45]} {[%emt 00:01:39]} 19. Qc3 {[%clk 00:50:01]} {[%emt
00:12:20]} Qxc3 {[%clk 00:55:56]} {[%emt 00:01:19]} 20. bxc3 {[%clk 00:31:51]}
{[%emt 00:18:40]} Rb2 {[%clk 00:43:12]} {[%emt 00:13:14]} 21. Nf4 {[%clk
00:25:23]} {[%emt 00:06:57]} g5 {[%clk 00:35:13]} {[%emt 00:08:30]} 22. Nd5
{[%clk 00:23:23]} {[%emt 00:02:29]} Be6 {[%clk 00:25:39]} {[%emt 00:10:05]} 23.
Nc7 {[%clk 00:14:31]} {[%emt 00:09:22]} Rc8 {[%clk 00:23:30]} {[%emt 00:02:39]}
24. Nxe6+ {[%clk 00:14:52]} {[%emt 00:00:09]} fxe6 {[%clk 00:23:43]} {[%emt
00:00:17]} 25. Rb4 {[%clk 00:13:01]} {[%emt 00:02:20]} Rxb4 {[%clk 00:22:51]}
{[%emt 00:01:22]} 26. cxb4 {[%clk 00:13:15]} {[%emt 00:00:17]} Kf6 {[%clk
00:21:08]} {[%emt 00:02:13]} 27. g3 {[%clk 00:10:45]} {[%emt 00:03:01]} Rc4
{[%clk 00:20:19]} {[%emt 00:01:18]} 28. Rb1 {[%clk 00:10:17]} {[%emt 00:00:59]}
b5 {[%clk 00:17:40]} {[%emt 00:03:09]} 29. Rb2 {[%clk 00:09:03]} {[%emt
00:01:42]} h5 {[%clk 00:17:09]} {[%emt 00:01:01]} 30. Kf1 {[%clk 00:09:08]}
{[%emt 00:00:26]} Kf5 {[%clk 00:09:11]} {[%emt 00:08:28]} 31. Rb3 {[%clk
00:07:31]} {[%emt 00:02:07]} Kg4 {[%clk 00:08:14]} {[%emt 00:01:27]} 32. Kg2
{[%clk 00:07:31]} {[%emt 00:00:29]} Kf5 {[%clk 00:08:22]} {[%emt 00:00:24]} 33.
Kf1 {[%clk 00:06:56]} {[%emt 00:01:03]} Kg4 {[%clk 00:08:31]} {[%emt 00:00:22]}
34. Kg2 {[%clk 00:07:20]} {[%emt 00:00:06]} Kf5 {[%clk 00:08:43]} {[%emt
00:00:18]} 35. Ra3 {[%clk 00:05:56]} {[%emt 00:01:55]} Rxb4 {[%clk 00:08:49]}
{[%emt 00:00:23]} 36. Rxa7 {[%clk 00:06:14]} {[%emt 00:00:11]} Ra4 {[%clk
00:09:01]} {[%emt 00:00:18]} 37. Rb7 {[%clk 00:03:04]} {[%emt 00:03:39]}
1/2-1/2